000 00220 a2200109 4500
020 _a9781941026038
041 _aspa
100 _aLuis San Visente
245 _aEl festival de las calaveras
942 _cBK
952 _71
999 _c21930
_d21930